Ks. Piotr Skarga

Titel: Ks. Piotr Skarga / Marek Balon
Verfasser:
Veröffentlicht: Kraków : Dom Wydawniczy Rafael, 2011
Umfang: 126 S. ; 17 cm
Format: Buch
Sprache: Polnisch
Schriftenreihe/
mehrbändiges Werk:
Mała Biografia
ISBN: 8375692751 ; 9788375692754
Buchumschlag
X
alg: 35918564
001A    $03004:20-05-15 
001B    $01999:13-08-15 $t16:15:38.000 
001C    $03004:13-07-15 $t11:45:33.000 
001D    $03004:13-07-15 
001U    $0utf8 
001X    $00 
002@    $0Aau 
003@    $0359185649 
004A    $083-7569-275-1 
004A    $A978-83-7569-275-4 
007A    $0359185649 $aHEB 
007G    $0DE0207F41D8584354443EC1257E8500416846 
009P    $qapplication/pdf $A2 $3Inhaltsverzeichnis $uhttp://scans.hebis.de/HEBCGI/show.pl?35918564_toc.pdf $mV:DE-603;B:DE-Mb50 
010@    $apol 
011@    $a2011 
021A    $a@Ks. Piotr Skarga $hMarek Balon 
027A    $a@Ksiądz Piotr Skarga 
028A    $7 $8Balon, Marek [Tn3] $9361991398 
033A    $pKraków $nDom Wydawniczy Rafael 
034D    $a126 S. 
034I    $a17 cm 
036G    $aMała Biografia 

lok: 35918564 24

exp: 35918564 24 1 #EPN
201B/01 $013-07-15 $t11:46:39.000 
201C/01 $020-05-15 
201U/01 $0utf8 
203@/01 $0754559017 
208@/01 $a13-07-15 $bz 
209A/01 $a15.05696 $du $f050 $h15 05696 $x00 
209C/01 $a15.05696 K $h15 05696 K 
209G/01 $a73693730 $x00 
220C/01 $awal 
244Z/01 $#Skarga, Piotr $#Pawe̜zki, Piotr Skarga $#Powe̜ski, P. $#Skarga, Pierre $#Skarga, Petr $#Scarga von Paveski, Petrus $#Skarga, Peter $#Scarga, Petro $#Scarga, Petrus $#Scharga, Pjotr $#Scharga, Petrus $#Pawezki, Piotr Skarga $#Pawezki, Piotr $#Poweski, Piotr $#Poweski, Piotr Skarga $#Skarha, Petro $#Skarga, Petro $7119327384 $8--Tp1--Skarga, Piotr$Z1536-1612 $x01 $9087667193 
247C/01 $8358050-7 Marburg, Bibliothek des Herder-Instituts Marburg $9102600961
LEADER 00000cam a2200000 c 4500
001 359185649
003 DE-603
005 20150813161538.0
007 tu
008 150520s2011 xx |||| | u00||u|pol c
020 |a 8375692751 
020 |a 9788375692754 
035 |a (DE-599)HEB359185649 
040 |a DE-603  |b ger  |c DE-603  |d DE-603 
041 |a pol 
100 1 |a Balon, Marek  |0 (DE-603)361991398 
245 0 0 |a Ks. Piotr Skarga  |c Marek Balon 
246 1 3 |a Ksiądz Piotr Skarga 
264 1 |a Kraków  |b Dom Wydawniczy Rafael  |c 2011 
300 |a 126 S.  |c 17 cm 
490 0 |a Mała Biografia 
856 4 2 |m V:DE-603;B:DE-Mb50  |q application/pdf  |u http://scans.hebis.de/HEBCGI/show.pl?35918564_toc.pdf  |3 Inhaltsverzeichnis 
924 0 |9 Mb 50  |a (DE-603)754559017  |b DE-Mb50  |c HES  |d c  |g 15.05696